Enciclopedia general de la educación (Registro nro. 209)
[ vista simple ]
| 000 -Cabecera | |
|---|---|
| Campo de control interno | 01181nam a2200241Ia 4500 |
| 005 - Fecha y hora del registro | |
| control field | 20251203123018.0 |
| 008 - Elementos de Longitud Fija | |
| fixed length control field | 251203t1999||||xx |||||||||||||| ||spa|| |
| 020 ## - ISBN | |
| ISBN | 8449411254 |
| 041 ## - Idioma | |
| Codigo Idioma | ESP |
| 082 ## - DEWEY y NOTACIÓN INTERNA | |
| Dewey | RE 370 |
| Notación Interna | O28 |
| 110 ## - AUTOR INSTTITUCIONAL | |
| Autor Institucional | Oceano Grupo Editorial |
| 245 #0 - TÍTULO DE MATERIAL BIBLIOGRÁFICO | |
| Título | Enciclopedia general de la educación |
| Título paralelo | Volúmenes 1-3 |
| 260 ## - CIUDAD, EDITORIAL, AÑO | |
| Ciudad | Barcelona |
| Nombre de la Editorial | Oceano Grupo Editorial |
| Año | 1999 |
| 300 ## - DESCRIPCIÓN | |
| N° Páginas | 528 páginas : |
| Otros detalles | ilustraciones ; cuadros, gráficos ; |
| Dimensiones | 26 cm. |
| Material Adicional | |
| 440 ## - MENCIÓN DE SERIE | |
| Título de la Serie | |
| Número de Serie | |
| Volumen de Serie | |
| 505 ## - TABLA DE CONTENIDO | |
| Tabla de Contenido | Contenido: Volumen 1: Un marco psicológico global para la educación escolar; La profesión docente; Los contextos de la intervención educativa; Psicología de la educación; Tutoría y orientación. Volumen 2: Evaluación e investigación; Didactica general; Educación y nuevas tecnologías; Educación especial; Didácticas específicas. Volumen 3: Didácticas específicas; Temas transversales; índice general. |
| 650 ## - TEMAS | |
| Temas | Ciencias Sociales |
| 653 ## - DESCRIPTORES | |
| Lenguajes no controlado | Educación; Enciclopedias |
| 654 ## - PROGRAMAS | |
| Programa | Dpto. de Educación |
| 700 ## - OTROS AUTORES | |
| Otros autores | Aja Fernández, José Manuel; Albaladejo Marcet, Carmen; Antunéz Marcos, Serafín [y otros treinta y cuatro más] |
| Títulos y otras palabras asociadas con el nombre | autores |
| 942 ## - ELEMENTOS DE KOHA | |
| Tipo de documento | Enciclopedia |
| Nombre del creador | Justo Noguera |
| Código de catalogador | Mirtha Ponce |
| Esquema de clasificación | Dewey Decimal Classification |
| Suppress in OPAC | |
| Codigo completo | Registro | Colección | Copia número | Disponibilidad | Tipo de préstamo | Biblioteca Actual | Procedencia (Biblioteca) | Ubicacón | Fecha Ingreso | Tipo de Adquisición | Date last seen | Total checkouts | Price effective from | Tipo de Item | Estado del Material | Fuente de Clasificación | Damaged status | Withdrawn status |
|---|---|---|---|---|---|---|---|---|---|---|---|---|---|---|---|---|---|---|
| RE 370 O28 | 1085078 | Colección Vera Bejar | 1 | Restringido | Víctor Andrés Belaunde | Víctor Andrés Belaunde | Planta baja cerrada | 03/10/2025 | Donación | 03/12/2025 | 03/12/2025 | Enciclopedia | Bueno | Dewey Decimal Classification | Withdrawn |




